Sujets de la Fédération de Russie - Statistiques

Statistiques générales
  • Ce quiz a été pris 544 fois
    541 depuis la dernière actualisation
  • Le résultat moyen est 42 sur 85
Statistiques - réponses
% Correct
Oblast Moscou
91%
Ville d'importance fédérale Moscou
91%
Ville d'importance fédérale Saint-Petersbourg
86%
République Tchétchénie
76%
République Crimée
68%
République Ossétie du Nord Alanie
64%
Ville d'importance fédérale Sebastopol
64%
République Altai
62%
Kraï Altai
62%
République Sakha (Iakoutie)
62%
République Ingouchie
60%
Oblast Kaliningrad
59%
République Tatarstan
59%
Oblast Volgograd
59%
Oblast autonome Oblast autonome juif
58%
Oblast Amour
57%
République Carélie
57%
République Daghestan
57%
Oblast Mourmansk
55%
Oblast Nijni Novgorod
54%
Oblast Novgorod
54%
Oblast Sakhaline
53%
Kraï Perm
52%
Oblast Samara
52%
Oblast Vladimir
52%
Oblast Astrakhan
51%
Oblast Irkoutsk
51%
Oblast Léningrad
51%
Oblast Omsk
51%
Oblast Rostov
51%
Kraï Kamtchatka
50%
Oblast Koursk
50%
République Adyguée
49%
Kraï Krasnodar
49%
Oblast Novossibirsk
49%
République Touva
49%
République Bachkirie
48%
District autonome Nénétsie
48%
Oblast Smolensk
48%
Oblast Belgorod
47%
République Bouriatie
47%
Kraï Krasnoiarsk
47%
République Maris
47%
Oblast Tomsk
47%
Oblast Arkhangelsk
46%
District autonome Tchoukotka
46%
Oblast Voronej
46%
Oblast Magadan
45%
Kraï Primorié
45%
Oblast Saratov
45%
République Mordovie
44%
Oblast Orel
44%
Oblast Orenbourg
44%
République Tchouvachie
44%
République Oudmourtie
43%
Oblast Tambov
43%
Oblast Toula
43%
Oblast Tver
43%
Oblast Vologda
43%
Oblast Briansk
42%
République Kalmoukie
42%
République Komis
42%
Oblast Kostroma
42%
Oblast Lipetsk
42%
Oblast Pskov
42%
Kraï Transbaïkalie
42%
District autonome Iamalie
41%
République Kabardino-Balkarie
41%
Oblast Kalouga
41%
Oblast Kourgan
41%
Kraï Stavropol
41%
Oblast Tcheliabinsk
41%
Oblast Ivanovo
40%
République Khakassie
40%
Oblast Kirov
40%
Oblast Riazan
40%
Oblast Tioumen
40%
Oblast Iaroslavl
39%
République Karatchaïévo-Tcherkessie
39%
Oblast Kemerovo
39%
Kraï Khabarovsk
39%
District autonome Khantys-Mansis
38%
Oblast Oulianovsk
37%
Oblast Sverdlovsk
36%
Oblast Penza
35%
Aucun quiz correspondant
Distribution des résultats
% des personnes avec chaque résultat
Percentile par nombre de réponses
Votre historique - résultats
Vous n’avez pas pris ce quiz depuis la dernière actualisation